[Event "IRT Memorial Victorio Riego"]
[Site "Asunción"]
[Date "2011.01.06"]
[Round "1.1"]
[White "Riline, Alejandro"]
[Black "Rivas, Jose"]
[Result "1-0"]
[WhiteElo "2218"]
[BlackElo "1775"]
[PlyCount "41"]
[EventDate "2011.01.06"]

1. e4 c5 2. Nf3 d6 3. d4 cxd4 4. Nxd4 Nf6 5. Nc3 a6 6. Bc4 e6 7. Bb3 Be7 8. f4
Nc6 9. Be3 Bd7 10. Qf3 Nxd4 11. Bxd4 Bc6 12. O-O-O Qc7 13. g4 O-O 14. f5 e5 15.
Be3 h6 16. h4 Kh7 17. g5 Ng8 18. f6 gxf6 19. gxh6 Bd7 20. Rhg1 Be6 21. Qg3 1-0

[Event "IRT Memorial Victorio Riego"]
[Site "Asunción"]
[Date "2011.01.06"]
[Round "1.2"]
[White "Saldana, Fernando Javier"]
[Black "Almiron, Antonio"]
[Result "0-1"]
[WhiteElo "1759"]
[BlackElo "2140"]
[PlyCount "66"]
[EventDate "2011.01.06"]

1. e4 e5 2. Nf3 Nc6 3. Bc4 Nf6 4. d3 Bc5 5. Nc3 d6 6. h3 Be6 7. Be3 Bxc4 8.
dxc4 Bb4 9. Qd3 Bxc3+ 10. bxc3 b6 11. Nd2 Qd7 12. O-O O-O 13. Rfe1 Qe6 14. Nb3
h6 15. Rad1 Rae8 16. f3 a5 17. a4 Ne7 18. Nd2 Ng6 19. Kh2 Nh5 20. Qd5 Qf6 21.
Nf1 Nh4 22. Qd2 Nf4 23. Bxf4 exf4 24. Qf2 Ng6 25. Qd4 Re5 26. Rd3 Rfe8 27. Kh1
Qh4 28. Re2 Rg5 29. Qf2 Qh5 30. Rd5 Ne5 31. Qd4 Nxf3 32. Qf2 Ne5 33. Nd2 Re6
0-1

[Event "IRT Memorial Victorio Riego"]
[Site "Asunción"]
[Date "2011.01.06"]
[Round "1.3"]
[White "Deus Filho, Joaquim De"]
[Black "Aquino, Carlos"]
[Result "1/2-1/2"]
[WhiteElo "2107"]
[BlackElo "1745"]
[PlyCount "117"]
[EventDate "2011.01.06"]

1. e4 Nf6 2. e5 Nd5 3. c4 Nb6 4. a4 a5 5. Ra3 d6 6. f4 dxe5 7. fxe5 Bf5 8. Ra1
Nc6 9. c5 Nd5 10. Nf3 Ndb4 11. Na3 Nd4 12. d3 e6 13. Be3 Bxc5 14. Rc1 Ndc2+ 15.
Nxc2 Nxc2+ 16. Qxc2 Bxe3 17. Rd1 O-O 18. Qb3 Bb6 19. h3 Qe7 20. d4 Be4 21. Be2
Qb4+ 22. Qc3 c5 23. Qxb4 axb4 24. dxc5 Bxc5 25. Bb5 Rfd8 26. Ke2 Bxf3+ 27. Kxf3
Bd4 28. b3 Bxe5 29. Ke4 Bc3 30. g4 Kf8 31. Ke3 Ke7 32. Bd3 h6 33. Be4 Rab8 34.
Rxd8 Kxd8 35. Kd3 Kc7 36. Rf1 Rd8+ 37. Ke3 Rd7 38. h4 g6 39. Bd3 Kd6 40. Bb5
Re7 41. Rd1+ Ke5 42. Rd8 f5 43. gxf5 exf5 44. Bc4 g5 45. h5 Kf6+ 46. Kf2 g4 47.
Rg8 Rg7 48. Rf8+ Kg5 49. Bf7 Kf4 50. Bg6 Kg5 51. Rxf5+ Kh4 52. Rb5 Kh3 53. Rd5
g3+ 54. Kg1 Re7 55. Bf5+ Kh4 56. Rd3 Re1+ 57. Kg2 Re2+ 58. Kg1 Re1+ 59. Kg2
1/2-1/2

[Event "IRT Memorial Victorio Riego"]
[Site "Asunción"]
[Date "2011.01.06"]
[Round "1.4"]
[White "Fretes, Hector"]
[Black "Latorre, Matias"]
[Result "0-1"]
[WhiteElo "1717"]
[BlackElo "2093"]
[PlyCount "62"]
[EventDate "2011.01.06"]

1. f4 e5 2. e4 d5 3. exd5 e4 4. d3 Nf6 5. dxe4 Nxe4 6. Qe2 f5 7. Nc3 Bb4 8. Bd2
O-O 9. Nxe4 Re8 10. Bxb4 Rxe4 11. Qxe4 fxe4 12. Bc4 Nd7 13. d6+ Kh8 14. O-O-O
Nb6 15. Be2 Be6 16. Nh3 Nd5 17. Ng5 Bg8 18. Rxd5 Bxd5 19. Rd1 Bg8 20. Nxe4 cxd6
21. Bxd6 Qa5 22. a3 Re8 23. Bd3 Qb6 24. Be5 Rd8 25. Nc3 Qe3+ 26. Kb1 h6 27. g4
Bh7 28. Bxh7 Rxd1+ 29. Nxd1 Qf3 30. Bf5 Qxd1+ 31. Ka2 Qh1 0-1

[Event "IRT Memorial Victorio Riego"]
[Site "Asunción"]
[Date "2011.01.06"]
[Round "1.5"]
[White "Chang, Suzana"]
[Black "Rivarola, Paul"]
[Result "1-0"]
[WhiteElo "2028"]
[BlackElo "1700"]
[PlyCount "71"]
[EventDate "2011.01.06"]

1. c4 d6 2. d4 Nf6 3. Nc3 g6 4. Nf3 Bg7 5. Bf4 Nbd7 6. e3 c5 7. Be2 Nh5 8. Bg5
cxd4 9. exd4 h6 10. Be3 Nb6 11. Qd2 d5 12. b3 dxc4 13. bxc4 O-O 14. Bxh6 Bg4
15. Bxg7 Nxg7 16. Ne5 Bxe2 17. Nxe2 Qc7 18. c5 Nd5 19. O-O Ne6 20. f4 Nf6 21.
f5 gxf5 22. Rxf5 Kg7 23. Raf1 Rh8 24. Qe3 Rag8 25. Nf4 Nxf4 26. Qxf4 Qd8 27.
Ng4 Kf8 28. Nxf6 exf6 29. Rxf6 Rxg2+ 30. Kxg2 Qd5+ 31. Qf3 Qxa2+ 32. Rf2 Rg8+
33. Kh1 Qa1+ 34. Rf1 Qxd4 35. Rxf7+ Ke8 36. Qe2+ 1-0

[Event "IRT Memorial Victorio Riego"]
[Site "Asunción"]
[Date "2011.01.06"]
[Round "1.6"]
[White "Riva, Eric"]
[Black "Gamarra, Ramon"]
[Result "0-1"]
[WhiteElo "1690"]
[BlackElo "2022"]
[PlyCount "80"]
[EventDate "2011.01.06"]

1. Nf3 Nf6 2. g3 g6 3. Bg2 Bg7 4. O-O O-O 5. c4 d6 6. Nc3 e5 7. d3 Nc6 8. a3
Ne7 9. Rb1 c6 10. b4 h6 11. b5 Be6 12. c5 dxc5 13. Nxe5 Nfd5 14. Nxd5 cxd5 15.
Nf3 Qd7 16. Bd2 Rac8 17. Re1 Rfd8 18. Qc2 c4 19. d4 Bf5 20. e4 Bxe4 21. Rxe4
dxe4 22. Qxe4 c3 23. Bc1 Qf5 24. Qxf5 Nxf5 25. Bh3 Rc4 26. Bxf5 gxf5 27. Be3
Rd5 28. Ne1 Bxd4 29. Rd1 Rd8 30. Nc2 Bb6 31. Rxd8+ Bxd8 32. Bxa7 b6 33. Bb8 Rc5
34. Kf1 Rxb5 35. Ke2 Rd5 36. Bf4 Bg5 37. Be3 Bxe3 38. Kxe3 Kg7 39. h3 b5 40.
Nd4 Rxd4 0-1

[Event "IRT Memorial Victorio Riego"]
[Site "Asunción"]
[Date "2011.01.06"]
[Round "1.7"]
[White "Coronel, Dario"]
[Black "Torres, Christian"]
[Result "1-0"]
[WhiteElo "1982"]
[BlackElo "1670"]
[PlyCount "59"]
[EventDate "2011.01.06"]

1. e4 c5 2. Nf3 d6 3. d4 cxd4 4. Nxd4 Nf6 5. Nc3 a6 6. Bg5 e6 7. f4 Qb6 8. Qd2
Qxb2 9. Rb1 Qa3 10. Rb3 Qa5 11. Be2 Be7 12. O-O Nbd7 13. Qe3 Qc7 14. Na4 b5 15.
Rc3 Nc5 16. Bxf6 gxf6 17. Nb2 b4 18. Rc4 a5 19. Nb5 Qb6 20. Rd4 Ba6 21. Nc4
Qxb5 22. Nxd6+ Bxd6 23. Bxb5+ Bxb5 24. Rxd6 Nb7 25. Rb6 Bxf1 26. Kxf1 Rb8 27.
Qd4 Ke7 28. e5 fxe5 29. Qxe5 Rhg8 30. Qc7+ 1-0

[Event "IRT Memorial Victorio Riego"]
[Site "Asunción"]
[Date "2011.01.06"]
[Round "1.8"]
[White "Estigarribia, Marcos"]
[Black "Rezende, Guilherme Vilela"]
[Result "0-1"]
[WhiteElo "1669"]
[BlackElo "1975"]
[PlyCount "108"]
[EventDate "2011.01.06"]

1. e4 c5 2. Nf3 e6 3. d4 cxd4 4. Nxd4 a6 5. Bd3 Bc5 6. Nb3 Be7 7. Nc3 d6 8. O-O
Nd7 9. f4 Ngf6 10. Qf3 Qc7 11. Be3 b5 12. a3 Bb7 13. g4 h6 14. Bd4 e5 15. fxe5
dxe5 16. Be3 Nc5 17. Nxc5 Bxc5 18. h3 Bxe3+ 19. Qxe3 O-O 20. g5 hxg5 21. Qxg5
Nh7 22. Qg3 Qb6+ 23. Kh2 Qh6 24. Rg1 f6 25. Rg2 Ng5 26. Nd5 Bxd5 27. exd5 Rad8
28. c4 e4 29. Be2 bxc4 30. Bxc4 Nf3+ 31. Kh1 f5 32. b3 Rd6 33. Rf2 Rg6 34. Rxf3
Rxg3 35. Rxg3 f4 36. Rg2 Qxh3+ 37. Rh2 Qf3+ 38. Kg1 g5 39. Rg2 g4 40. d6+ Kh7
41. Be6 g3 42. d7 Kg6 43. Re1 Qc3 44. Kf1 Kf6 45. Bg4 Rh8 46. Rxe4 Qd3+ 47.
Rge2 g2+ 48. Kg1 f3 49. Bxf3 Qxf3 50. Re6+ Kg5 51. R2e5+ Kg4 52. Re4+ Qxe4 53.
Rxe4+ Kf3 54. Re3+ Kxe3 0-1

[Event "IRT Memorial Victorio Riego"]
[Site "Asunción"]
[Date "2011.01.06"]
[Round "1.9"]
[White "Roman, Rodrigo"]
[Black "Torres, Mauricio"]
[Result "1-0"]
[WhiteElo "1960"]
[BlackElo "1605"]
[PlyCount "89"]
[EventDate "2011.01.06"]

1. d4 Nf6 2. c4 g6 3. Nf3 Bg7 4. g3 O-O 5. Bg2 d6 6. O-O c5 7. d5 e6 8. Nc3
exd5 9. cxd5 Bf5 10. h3 a6 11. a4 Ne4 12. g4 Nxc3 13. bxc3 Be4 14. Qb3 Qc7 15.
Bf4 Nd7 16. Nd2 Bxg2 17. Kxg2 Rfe8 18. e3 Ne5 19. Rab1 Rab8 20. Qb6 Qe7 21. Rb3
g5 22. Bg3 Bf8 23. Rfb1 Nd7 24. Qa5 Nf6 25. c4 Ne4 26. f3 Nxd2 27. Qxd2 Qd7 28.
e4 h6 29. Rb6 Kg7 30. h4 f6 31. hxg5 hxg5 32. Qc2 Be7 33. Qb3 Kf8 34. a5 Qc7
35. Be1 Qd7 36. Bc3 Bd8 37. Rxb7 Rxb7 38. Qxb7 Qa4 39. Qb3 Qd7 40. Qb2 Qg7 41.
Qb7 Qg6 42. Rh1 Kg8 43. Qd7 Be7 44. Qe6+ Kg7 45. Rh5 1-0

[Event "IRT Memorial Victorio Riego"]
[Site "Asunción"]
[Date "2011.01.06"]
[Round "1.10"]
[White "Alderete, Jazmin"]
[Black "Lipiniks, Leonardo"]
[Result "0-1"]
[WhiteElo "1565"]
[BlackElo "1863"]
[PlyCount "38"]
[EventDate "2011.01.06"]

1. d4 d5 2. Nf3 Nf6 3. e3 c5 4. c3 e6 5. Bd3 Be7 6. O-O O-O 7. Nbd2 b6 8. Qe2
Bb7 9. dxc5 bxc5 10. e4 dxe4 11. Nxe4 Nbd7 12. Bf4 Nd5 13. Bg3 f5 14. Nd6 Bxd6
15. Bxd6 Rf6 16. Ne5 Nf4 17. Qd2 Nxe5 18. Bxe5 Rg6 19. f3 Rxg2+ 0-1

[Event "IRT Memorial Victorio Riego"]
[Site "Asunción"]
[Date "2011.01.06"]
[Round "1.12"]
[White "Herrero, Juan Luis"]
[Black "Apuril, Jose"]
[Result "0-1"]
[WhiteElo "1327"]
[BlackElo "1845"]
[PlyCount "34"]
[EventDate "2011.01.06"]

1. e4 c5 2. Nf3 e6 3. d4 cxd4 4. Nxd4 a6 5. Nc3 b5 6. f3 Bb7 7. Be3 Nc6 8. Qd2
Rc8 9. O-O-O Bb4 10. Nxc6 Rxc6 11. Bd4 Nf6 12. e5 Nd5 13. Kb1 Qa5 14. g3 O-O
15. Bg2 Rxc3 16. bxc3 Bxc3 17. Qc1 Qb4+ 0-1

[Event "IRT Memorial Victorio Riego"]
[Site "Asunción"]
[Date "2011.01.06"]
[Round "1.13"]
[White "Chaves, Nicolas"]
[Black "Laterza, Martin"]
[Result "1-0"]
[WhiteElo "1794"]
[BlackElo "1547"]
[PlyCount "53"]
[EventDate "2011.01.06"]

1. Nf3 Nf6 2. g3 g6 3. Bg2 Bg7 4. O-O O-O 5. d3 d5 6. c4 b6 7. Nc3 Bb7 8. Qc2
d4 9. Na4 c5 10. a3 Nc6 11. Rb1 Qc7 12. Bf4 Qd7 13. b4 cxb4 14. axb4 Nh5 15.
Bd2 Rac8 16. b5 Nd8 17. Qa2 f5 18. Ng5 Bxg2 19. Kxg2 e5 20. Bb4 Rf6 21. c5+ Nf7
22. c6 Qe8 23. Nb2 Ra8 24. Nxf7 Rxf7 25. Nc4 Bf8 26. Bxf8 Qxf8 27. Nxe5 1-0

[Event "IRT Memorial Victorio Riego"]
[Site "?"]
[Date "2011.01.07"]
[Round "2.1"]
[White "Rezende, Guilherme"]
[Black "Riline, Alejandro"]
[Result "0-1"]
[WhiteElo "1975"]
[BlackElo "2219"]
[PlyCount "126"]
[EventDate "2011.01.06"]

1. d4 Nf6 2. c4 g6 3. Nc3 d5 4. Nf3 Bg7 5. Bf4 c6 6. e3 O-O 7. h3 a6 8. Be2
dxc4 9. Bxc4 b5 10. Bd3 Nbd7 11. O-O c5 12. Ne4 c4 13. Bc2 Bb7 14. Nxf6+ Nxf6
15. Be5 Qd7 16. Qe2 Ne4 17. Bxg7 Kxg7 18. Ne5 Qd5 19. Qf3 Rad8 20. Bxe4 Qxe4
21. Qxe4 Bxe4 22. f3 Bb7 23. Rfd1 f6 24. Ng4 h5 25. Nf2 Rd7 26. Kf1 Rfd8 27.
Ke2 f5 28. h4 a5 29. Rac1 b4 30. Nh3 Ba6 31. Ke1 Rc8 32. Ng5 Rd6 33. e4 fxe4
34. Nxe4 Rd5 35. Kf2 Kf7 36. Ke3 Rcd8 37. Ng5+ Kf6 38. Ne4+ Kf7 39. Ng5+ Ke8
40. Ne6 Rc8 41. Ke4 Bb7 42. Ke3 Rd6 43. Nc5 Bd5 44. g4 hxg4 45. fxg4 Rdc6 46.
Kf4 Rf6+ 47. Ke5 Rd8 48. Rf1 Bf3 49. Ne4 Rf7 50. Rxc4 Be2 51. Rxf7 Bxc4 52. Rg7
Rd5+ 53. Kf4 Rxd4 54. Ke5 Rd5+ 55. Kf4 Bxa2 56. Rxg6 Bb1 57. Re6 Rd4 58. Ke3
Rxe4+ 59. Rxe4 Bxe4 60. Kxe4 a4 61. Kd3 a3 62. bxa3 bxa3 63. Kc3 e5 0-1

[Event "IRT Memorial Victorio Riego"]
[Site "Asunción"]
[Date "2011.01.07"]
[Round "2.2"]
[White "Almiron, Antonio"]
[Black "Roman, Rodrigo"]
[Result "1/2-1/2"]
[WhiteElo "2140"]
[BlackElo "1960"]
[PlyCount "82"]
[EventDate "2011.01.06"]

1. e4 e5 2. Nf3 Nf6 3. Nxe5 d6 4. Nf3 Nxe4 5. d4 d5 6. Bd3 Bd6 7. O-O O-O 8. c4
c6 9. Qc2 f5 10. Nc3 Nxc3 11. bxc3 h6 12. Re1 Qf6 13. Qb3 a5 14. a4 dxc4 15.
Bxc4+ Kh7 16. Rb1 Na6 17. Qc2 Nc7 18. Ne5 Re8 19. f4 Re7 20. Bd2 Ne6 21. Bd3 g6
22. Rf1 Ng7 23. Rbe1 Be6 24. Re3 c5 25. Rh3 cxd4 26. cxd4 Rc8 27. Qb1 h5 28.
Bxa5 Bd5 29. Qb5 Bxe5 30. fxe5 Qe6 31. Bb4 Rec7 32. Bc5 Bc6 33. Qb4 Qd5 34. Rf2
Ne6 35. Bc4 Qd7 36. Bd6 Bxg2 37. Bxe6 Bxh3 38. Bxc7 Rxc7 39. Rc2 Qd8 40. Rxc7+
Qxc7 41. Qc5 Qd8 1/2-1/2

[Event "IRT Memorial Victorio Riego"]
[Site "Asunción"]
[Date "2011.01.07"]
[Round "2.3"]
[White "Latorre, Matias"]
[Black "Diaz, Ramon"]
[Result "1/2-1/2"]
[WhiteElo "2093"]
[BlackElo "1861"]
[PlyCount "126"]
[EventDate "2011.01.06"]

1. Nf3 Nf6 2. g3 d5 3. Bg2 g6 4. O-O Bg7 5. c4 c6 6. Qc2 O-O 7. b3 Bf5 8. d3
Qd7 9. Rd1 Bh3 10. Bh1 Na6 11. Bb2 Rad8 12. Nbd2 h6 13. a3 Qe6 14. b4 dxc4 15.
Nxc4 Ng4 16. Bxg7 Kxg7 17. a4 c5 18. b5 Nb4 19. Qb2+ Kg8 20. Nfe5 Nxe5 21. Qxe5
b6 22. a5 Qxe5 23. Nxe5 Nc2 24. Ra2 Nd4 25. axb6 axb6 26. Rb2 Rfe8 27. Ra1 Be6
28. Nc6 Rd6 29. Ra4 c4 30. dxc4 Bxc4 31. Nxd4 Rxd4 32. Bc6 Rd1+ 33. Kg2 Bd5+
34. e4 Bxc6 35. bxc6 Rc1 36. Rxb6 Rc8 37. Raa6 Rc7 38. e5 Kg7 39. f4 g5 40. Kf3
Kg6 41. Ke4 e6 42. f5+ exf5+ 43. Kd5 Rd1+ 44. Kc5 Kh5 45. Rb7 Rc1+ 46. Kd4
R1xc6 47. Rxc6 Rxc6 48. Kd5 Rc2 49. Rxf7 Kg4 50. e6 Rxh2 51. e7 Re2 52. Kd6
Rd2+ 53. Ke6 Re2+ 54. Kd7 Rd2+ 55. Kc7 Re2 56. Kd7 h5 57. Rf6 Rxe7+ 58. Kxe7 f4
59. gxf4 gxf4 60. Ke6 h4 61. Ke5 h3 62. Rh6 Kg3 63. Ke4 h2 1/2-1/2

[Event "IRT Memorial Victorio Riego"]
[Site "Asunción"]
[Date "2011.01.07"]
[Round "2.4"]
[White "Lipiniks, Leonardo"]
[Black "Chang, Suzana"]
[Result "0-1"]
[WhiteElo "1863"]
[BlackElo "2028"]
[PlyCount "126"]
[EventDate "2011.01.06"]

1. e4 c5 2. Nf3 e6 3. d4 cxd4 4. Nxd4 a6 5. Nc3 Qc7 6. Bd3 Nf6 7. O-O Bd6 8. f4
Bc5 9. Nce2 Nc6 10. c3 d6 11. Kh1 Bd7 12. Be3 Ng4 13. Bg1 e5 14. fxe5 dxe5 15.
Nc2 Bxg1 16. Nxg1 Be6 17. Qe2 Ne7 18. Nh3 f6 19. Nf2 Nxf2+ 20. Rxf2 O-O 21. Ne3
Rac8 22. Nd5 Nxd5 23. exd5 Bxd5 24. Bxh7+ Kxh7 25. Qd3+ g6 26. Qxd5 Rcd8 27.
Qe4 f5 28. Qh4+ Kg7 29. Re1 e4 30. h3 Rh8 31. Qg5 Rh5 32. Qe3 Rd3 33. Qf4 Qxf4
34. Rxf4 Rd2 35. Rb1 Kf6 36. Kg1 Rh7 37. Re1 Rxb2 38. Rexe4 Rxa2 39. Rb4 Rd7
40. Rb6+ Kg5 41. Rd4 Rxd4 42. cxd4 Rd2 43. Rxb7 Rxd4 44. Rb6 Ra4 45. Kh2 f4 46.
Rc6 Kh5 47. h4 Ra3 48. Rf6 g5 49. hxg5 Kxg5 50. Rf8 a5 51. Rf7 a4 52. Rf8 Ra2
53. Kg1 Re2 54. Ra8 Ra2 55. Rf8 Kg4 56. Rf7 a3 57. Rf8 Rb2 58. Rg8+ Kf5 59. Rd8
a2 60. Ra8 Ke4 61. Ra4+ Kd3 62. Kh2 f3 63. Ra3+ Kc4 0-1

[Event "IRT Memorial Victorio Riego"]
[Site "Asunción"]
[Date "2011.01.07"]
[Round "2.5"]
[White "Gamarra, Ramon"]
[Black "Chaves, Nicolas"]
[Result "1-0"]
[WhiteElo "2022"]
[BlackElo "1794"]
[PlyCount "95"]
[EventDate "2011.01.06"]

1. c4 Nf6 2. Nc3 e6 3. g3 c5 4. Bg2 Nc6 5. e3 b6 6. Nge2 Bb7 7. O-O Be7 8. b3
O-O 9. Bb2 a6 10. d4 cxd4 11. exd4 Qc7 12. Rc1 Rac8 13. d5 Ne5 14. d6 Bxd6 15.
Bxb7 Qxb7 16. Qxd6 Nf3+ 17. Kh1 Nd2+ 18. f3 Nxf3 19. Rxf3 Qxf3+ 20. Kg1 Rc5 21.
Ba3 Qe3+ 22. Kg2 Ne4 23. Qf4 Qxf4 24. gxf4 Nxc3 25. Rxc3 Ra5 26. Bxf8 Rxa2 27.
Kg3 Rxe2 28. Bd6 Rd2 29. Be7 f6 30. b4 Kf7 31. Bd8 Rd6 32. b5 axb5 33. cxb5 e5
34. Bc7 exf4+ 35. Kf3 Rd5 36. Rb3 g5 37. Bxb6 Rd2 38. h3 Rh2 39. Ke4 f3 40. Bd4
f2 41. Rf3 Rxh3 42. Rxf6+ Ke7 43. Rxf2 Rb3 44. b6 g4 45. Rb2 Rxb2 46. Bxb2 d5+
47. Kxd5 Kd7 48. Be5 1-0

[Event "IRT Memorial Victorio Riego"]
[Site "Asunción"]
[Date "2011.01.07"]
[Round "2.6"]
[White "Apuril, Jose"]
[Black "Coronel, Dario"]
[Result "0-1"]
[WhiteElo "1845"]
[BlackElo "1982"]
[PlyCount "72"]
[EventDate "2011.01.06"]

1. d4 Nf6 2. c4 c5 3. d5 b5 4. cxb5 a6 5. b6 g6 6. Nc3 d6 7. e4 Nbd7 8. f4 Qxb6
9. Nf3 Bg7 10. Nd2 O-O 11. Nc4 Qc7 12. Be2 Nb6 13. Ne3 c4 14. O-O e6 15. dxe6
fxe6 16. f5 Qc5 17. Kh1 gxf5 18. exf5 d5 19. Ng4 Nxg4 20. Bxg4 exf5 21. Bf3 Bb7
22. Ne2 Be5 23. Qd2 Qd6 24. Nd4 Qf6 25. Nc2 Qh4 26. g3 Qe7 27. a4 Rad8 28. a5
Nc8 29. Ne3 Qc5 30. Nd1 Nd6 31. Qg5+ Bg7 32. b4 cxb3 33. Bb2 d4 34. Rc1 Bxf3+
35. Kg1 Qd5 36. Rxf3 Qxf3 0-1

[Event "IRT Memorial Victorio Riego"]
[Site "?"]
[Date "2011.01.07"]
[Round "2.7"]
[White "Heinichen, John"]
[Black "De Deus F, Joaquim"]
[Result "1/2-1/2"]
[WhiteElo "1788"]
[BlackElo "2109"]
[PlyCount "142"]
[EventDate "2011.01.06"]

1. e4 c5 2. Nf3 d6 3. d4 cxd4 4. Nxd4 Nf6 5. Nc3 a6 6. f3 e5 7. Nb3 Be6 8. Be3
Be7 9. Qd2 Qc7 10. O-O-O Nc6 11. g4 Rc8 12. h4 Na5 13. Kb1 Nc4 14. Bxc4 Qxc4
15. h5 b5 16. g5 Nd7 17. g6 Nf6 18. gxf7+ Bxf7 19. h6 g6 20. Bg5 b4 21. Ne2 Rc6
22. Nec1 Qb5 23. Nd3 a5 24. Rde1 O-O 25. f4 a4 26. Nbc1 b3 27. cxb3 axb3 28.
axb3 Ra8 29. Nb4 Rb6 30. Bxf6 Bxf6 31. Nd5 Bxd5 32. exd5 Rba6 33. Qc3 Bh8 34.
Re4 exf4 35. Qh3 Ra1+ 36. Kc2 Re8 37. Rhe1 Be5 38. Nd3 Rxe1 39. Rxe1 Qxd5 40.
Qd7 Qe6 41. Qb7 Qc8+ 42. Qxc8 Rxc8+ 43. Kd2 Re8 44. b4 Kf7 45. b5 Kf6 46. Rc1
Rb8 47. Rc7 g5 48. Rxh7 Kg6 49. Re7 Kf6 50. Rc7 Rxb5 51. Ke2 g4 52. b4 Kf5 53.
h7 Rb8 54. Rf7+ Ke6 55. Rc7 Kd5 56. b5 f3+ 57. Kf2 Bd4+ 58. Kg3 Rxb5 59. Kxg4
Ke4 60. Nf4 Bh8 61. Ng6 f2 62. Re7+ Kd3 63. Rf7 Ke2 64. Nxh8 f1=Q 65. Rxf1 Kxf1
66. Ng6 Rb8 67. Kf5 Re8 68. Kf6 d5 69. Ne7 Rh8 70. Nxd5 Rxh7 71. Ke5 Ke2
1/2-1/2

[Event "IRT Memorial Victorio Riego"]
[Site "Asunción"]
[Date "2011.01.07"]
[Round "2.8"]
[White "Aquino, Carlos"]
[Black "Florentin, Damaso"]
[Result "1-0"]
[WhiteElo "1745"]
[BlackElo "1775"]
[PlyCount "56"]
[EventDate "2011.01.06"]

1. e4 e5 2. d4 exd4 3. Qxd4 Nc6 4. Qe3 d6 5. Nc3 Nf6 6. Bd2 Be6 7. O-O-O Be7 8.
f4 d5 9. exd5 Nxd5 10. Qf3 Nd4 11. Qe4 Nf6 12. Qe1 O-O 13. Bd3 Re8 14. Be3 c5
15. Nf3 g6 16. f5 Bc8 17. Qg3 Bd6 18. Qg5 Nh5 19. fxg6 hxg6 20. Qxd8 Rxd8 21.
Bxd4 cxd4 22. Nb5 Nf4 23. Kb1 a6 24. Nbxd4 Bg4 25. Bc4 b5 26. Bb3 Rac8 27. h3
Bd7 28. Nd2 Bc7 {Ilegible} 1-0

[Event "IRT Memorial Victorio Riego"]
[Site "Asunción"]
[Date "2011.01.07"]
[Round "2.9"]
[White "Rivas, Jose"]
[Black "Alderete, Jazmin"]
[Result "1-0"]
[WhiteElo "1775"]
[BlackElo "1565"]
[PlyCount "43"]
[EventDate "2011.01.06"]

1. e4 c5 2. Nf3 e6 3. d4 cxd4 4. Nxd4 a6 5. a3 Qc7 6. Nc3 Nf6 7. Be3 Be7 8. f3
O-O 9. Qd2 Nc6 10. O-O-O b5 11. g4 d6 12. h4 Bb7 13. h5 Nd7 14. Nxc6 Bxc6 15.
g5 Ne5 16. Qg2 Nc4 17. Bxc4 bxc4 18. Rdg1 f6 19. g6 Kh8 20. h6 hxg6 21. hxg7+
Kxg7 22. Qxg6# 1-0

[Event "IRT Memorial Victorio Riego"]
[Site "?"]
[Date "2011.01.07"]
[Round "2.10"]
[White "Torres, Maurio"]
[Black "Saldana, Fernando"]
[Result "1-0"]
[WhiteElo "1670"]
[BlackElo "1759"]
[PlyCount "91"]
[EventDate "2011.01.06"]

1. d4 f5 2. e4 fxe4 3. Nc3 Nf6 4. Bc4 e6 5. Bg5 Be7 6. Nge2 d5 7. Bb3 O-O 8.
O-O Nc6 9. a3 Bd7 10. Ng3 Ne8 11. Be3 Nd6 12. Qh5 Nf5 13. Nxf5 Rxf5 14. Qg4 Qe8
15. Nxe4 Kh8 16. Ng3 Rf6 17. c3 Na5 18. Bc2 e5 19. Qh5 Qxh5 20. Nxh5 Rb6 21. b4
Nc4 22. dxe5 Nxe3 23. fxe3 Bg4 24. Nf4 c6 25. Bd3 g5 26. Ne2 Kg7 27. Nd4 Rf8
28. h3 Bc8 29. e6 c5 30. Nf5+ Rxf5 31. Bxf5 Bxe6 32. Bxe6 Rxe6 33. Rfd1 cxb4
34. axb4 a5 35. Rxd5 axb4 36. cxb4 Kg6 37. Rb5 b6 38. g4 Bd8 39. Rd1 Bc7 40.
Kf2 Rc6 41. Ke2 Kf6 42. e4 h6 43. Rf5+ Ke6 44. b5 Rc3 45. Rd3 Rc5 46. Rdf3 {
Ilegible} 1-0

[Event "IRT Memorial Victorio Riego"]
[Site "Asunción"]
[Date "2011.01.07"]
[Round "2.12"]
[White "Rivarola, Paul"]
[Black "Herrero, Juan Luis"]
[Result "1/2-1/2"]
[WhiteElo "1700"]
[BlackElo "1327"]
[PlyCount "90"]
[EventDate "2011.01.06"]

1. d4 Nf6 2. g3 g6 3. Bg2 Bg7 4. e4 d6 5. Ne2 O-O 6. O-O e5 7. d5 Nbd7 8. c4
Nc5 9. Nbc3 a5 10. Be3 Nfd7 11. Qd2 Qe7 12. Nb5 Nb6 13. b3 f5 14. Bxc5 dxc5 15.
f3 Rd8 16. Rad1 c6 17. Nbc3 Qd6 18. Qc2 cxd5 19. Nxd5 Nxd5 20. Rxd5 Qe7 21.
Rxd8+ Qxd8 22. Rd1 Qe7 23. Qd3 Be6 24. Nc3 Kf7 25. Nb5 fxe4 26. fxe4 Bf6 27.
Qc3 Rd8 28. Rf1 Ra8 29. Qxe5 Bd7 30. Qf4 Kg7 31. Qd6 Bxb5 32. Qxe7+ Bxe7 33.
cxb5 b6 34. e5 Rf8 35. Rd1 Rd8 36. Rd5 Kf7 37. Rxd8 Bxd8 38. Bd5+ Kg7 39. Kf2
Be7 40. Ke3 Kf8 41. Ke4 Kg7 42. g4 g5 43. h3 h6 44. Bc4 Bd8 45. Kf5 Bc7 1/2-1/2

[Event "IRT Memorial Victorio Riego"]
[Site "Asunción"]
[Date "2011.01.08"]
[Round "3.1"]
[White "Riline, Alejandro"]
[Black "Gamarra, Ramon"]
[Result "1-0"]
[WhiteElo "2218"]
[BlackElo "2022"]
[PlyCount "51"]
[EventDate "2011.01.06"]

1. e4 c5 2. Nf3 d6 3. Bb5+ Nd7 4. O-O g6 5. d4 Qc7 6. Nc3 cxd4 7. Qxd4 e5 8.
Nd5 Qb8 9. Qc3 Kd8 10. Be3 h6 11. Rad1 Rh7 12. Nd2 Ne7 13. Nxe7 Bxe7 14. f4 Qc7
15. Nc4 exf4 16. Rxf4 f6 17. Bxd7 Bxd7 18. Rxf6 b5 19. Rxg6 Qxc4 20. Qxc4 bxc4
21. Rg8+ Be8 22. e5 Kd7 23. exd6 Bf6 24. b3 cxb3 25. axb3 a5 26. c4 1-0

[Event "IRT Memorial Victorio Riego"]
[Site "Asunción"]
[Date "2011.01.08"]
[Round "3.2"]
[White "Chang, Suzana"]
[Black "Coronel, Dario"]
[Result "0-1"]
[WhiteElo "2028"]
[BlackElo "1982"]
[PlyCount "62"]
[EventDate "2011.01.06"]

1. c4 Nf6 2. Nc3 c6 3. d4 g6 4. Nf3 Bg7 5. Bf4 d6 6. e3 O-O 7. Be2 Nbd7 8. O-O
Qc7 9. h3 c5 10. Qd2 a6 11. a3 Nh5 12. Bh2 Bh6 13. b4 cxd4 14. Nxd4 Nhf6 15. c5
e5 16. cxd6 Qxd6 17. Rfd1 Bg7 18. Rac1 Nb6 19. Qc2 Qe7 20. Nf3 Be6 21. Bxe5
Rfc8 22. Bd6 Qe8 23. Bc5 Nfd5 24. Nxd5 Nxd5 25. Qd3 Nc3 26. Re1 Bf5 27. Qd2 Qa4
28. Nd4 Nxe2+ 29. Qxe2 Be4 30. f3 Bd5 31. e4 Rxc5 0-1

[Event "IRT Memorial Victorio Riego"]
[Site "?"]
[Date "2011.01.08"]
[Round "3.3"]
[White "Roman, Rodrigo"]
[Black "Heinichen, John"]
[Result "1/2-1/2"]
[WhiteElo "1960"]
[BlackElo "1788"]
[PlyCount "31"]
[EventDate "2011.01.08"]

1. e4 c5 2. Nc3 Nc6 3. g3 g6 4. Bg2 Bg7 5. d3 d6 6. Be3 Nf6 7. h3 e5 8. Nge2
Be6 9. O-O Qd7 10. Kh2 h5 11. Nd5 Bxd5 12. exd5 Ne7 13. Nc3 Bh6 14. Bxh6 Rxh6
15. Qd2 g5 16. Ne4 1/2-1/2

[Event "IRT Memorial Victorio Riego"]
[Site "Asunción"]
[Date "2011.01.08"]
[Round "3.4"]
[White "Diaz, Ramon"]
[Black "Aquino, Carlos"]
[Result "1-0"]
[WhiteElo "1861"]
[BlackElo "1745"]
[PlyCount "78"]
[EventDate "2011.01.06"]

1. e4 Nf6 2. e5 Nd5 3. d4 d6 4. Nf3 dxe5 5. Nxe5 g6 6. Bc4 c6 7. O-O Bg7 8. Nd2
O-O 9. Ndf3 Nd7 10. c3 N7f6 11. a4 a5 12. Re1 Bg4 13. Nxg4 Nxg4 14. Bg5 Ngf6
15. Qd2 e6 16. Ne5 Qc7 17. Bh6 Ne7 18. Bxg7 Kxg7 19. Re3 Nf5 20. Rh3 h5 21. Bd3
Rh8 22. Re1 Ng4 23. Qf4 Nxe5 24. Rxe5 Qb6 25. Bxf5 exf5 26. Re7 Qxb2 27. Qe5+
Kg8 28. Re3 Qc1+ 29. Re1 Qh6 30. Rxb7 Qg7 31. Qc7 Kh7 32. Qxc6 Rac8 33. Rc7 Rb8
34. h4 f4 35. Ree7 Rhf8 36. Qd5 Kg8 37. Qg5 f3 38. gxf3 Rb1+ 39. Kg2 Rfb8 1-0